| 000 | 00487nam a2200157Ia 4500 | ||
|---|---|---|---|
| 008 | 151021s9999 xx 000 0 und d | ||
| 020 | _a135575621 | ||
| 050 | _aRA 410.56.K68 1987 | ||
| 245 | _a_Marketing for Health Care Organizations / Philip Kotler | ||
| 260 | _aNew Jersey, Prentice -Hall, 1987 | ||
| 300 | _axiii,545 p. | ||
| 500 | _aIncludes index | ||
| 500 | _aIncludes index | ||
| 650 | _a_Marketing for Health Care Organizations | ||
| 980 | _a^d20130515 01:56:27^oanne | ||
| 999 |
_c13320 _d13320 |
||